Statistics for Which Country is on that Continent?

Click here to take the quiz!

General Stats

  • This quiz has been taken 134 times
  • The average score is 20 of 20

Answer Stats

QuestionAnswer% Correct
EuropeAlbania
100%
EuropeAustria
100%
AsiaBhutan
100%
South AmericaChile
100%
AsiaBahrain
99%
South AmericaBolivia
99%
AfricaComoros
99%
North AmericaDominican Republic
99%
Australia/OceaniaKiribati
99%
AfricaMalawi
99%
EuropeMontenegro
99%
AfricaSomalia
99%
North AmericaBelize
98%
EuropeKosovo
98%
Australia/OceaniaTonga
98%
Australia/OceaniaTuvalu
98%
AfricaCape Verde
97%
North AmericaGrenada
97%
AsiaLaos
97%
South AmericaGuyana
94%

Score Distribution

Percentile by Number Answered

Percent of People with Each Score

Your Score History

You have not taken this quiz